Histoire de la Terreur, 1792-1794 (Record no. 160260)

MARC details
000 -LEADER
campo de control de longitud fija 00716nam a22001935i 4500
001 - NÚMERO DE CONTROL
campo de control 160260
003 - IDENTIFICADOR DE NÚMERO DE CONTROL
campo de control ES-MaACL
005 - FECHA Y HORA DE LA ÚLTIMA TRANSACCIÓN
campo de control 20250702193805.0
008 - DATOS DE LONGITUD FIJA--INFORMACIÓN GENERAL
campo de control de longitud fija 040922s1866 fr |||| | fre d
040 ## - FUENTE DE CATALOGACIÓN
Centro catalogador/agencia de origen CAM
Lengua de catalogación spa
Centro/agencia transcriptor CAM
100 1# - ENTRADA PRINCIPAL--NOMBRE DE PERSONA
Nombre de persona Mortimer-Ternaux.
9 (RLIN) 130227
245 10 - MENCIÓN DEL TÍTULO
Título Histoire de la Terreur, 1792-1794
Resto del título : d'après des documents authentiques et inédits /
Mención de responsabilidad, etc. par Mortimer-Ternaux.
250 ## - MENCION DE EDICION
Mención de edición 2e éd.
260 ## - PUBLICACIÓN, DISTRIBUCIÓN, ETC.
Lugar de publicación, distribución, etc. Paris :
Nombre del editor, distribuidor, etc. Michel Lévy frères libraires-éditeurs,
Fecha de publicación, distribución, etc. 1866 (
Fabricante Imprimerie J. Claye)
300 ## - DESCRIPCIÓN FÍSICA
Extensión v. ;
Dimensiones 22 cm.
651 #7 - PUNTO DE ACCESO ADICIONAL DE MATERIA--NOMBRE GEOGRÁFICO
Nombre geográfico Francia-
Subdivisión general Historia-
Subdivisión cronológica 1792-1795, Convención nacional
Fuente del encabezamiento o término
9 (RLIN) 152879
852 ## - LOCALIZACIÓN
Ubicación ES-MaACL
Número de control de estantería F-5690
Nota libre -- Enc. hol.
condición física -- Sólo t.V (573 p.)
Holdings
Estatus retirado Estado de pérdida Estado de daño No para préstamo Colección Biblioteca de origen Biblioteca actual Ubicación en estantería Fecha de adquisición Fuente de adquisición Total de préstamos Signatura topográfica completa Código de barras Visto por última vez Precio de reemplazo Tipo de ítem Koha
        Libros del s. XIX Biblioteca del Ateneo de Madrid Biblioteca del Ateneo de Madrid Depósito 2 17/01/2008     F-5690 1167804 23/02/2023 23/02/2023 Libro impreso antiguo